[Event "VI Torneo Internazionale"]
[Site "Montecatini Terme ITA"]
[Date "2001.02.14"]
[Round "3"]
[White "Acher, Mathieu"]
[Black "Sciortino, Massimo"]
[Result "0-1"]
[WhiteElo "2264"]
[BlackElo "2155"]
[PlyCount "104"]
[EventDate "2001.02.12"]

1. e4 e5 2. Nf3 Nc6 3. Bb5 Nf6 4. O-O Nxe4 5. d4 Nd6 6. Bxc6 dxc6 7. dxe5 Ne4
8. Qe2 Bf5 9. Rd1 Qe7 10. Nd4 Bg6 11. f4 O-O-O 12. Be3 Qd7 13. Nd2 Bc5 14. N2b3
Bb6 15. a4 a6 16. a5 Ba7 17. c4 Rhe8 18. Qf3 f5 19. Nc2 Bxe3+ 20. Nxe3 Qf7 21.
Qh3 Kb8 22. Nd4 Bh5 23. Nf3 g6 24. Qh4 Kc8 25. Qe1 Bxf3 26. gxf3 Nc5 27. Qc3
Ne6 28. Ng2 Qf8 29. b4 Rxd1+ 30. Rxd1 Rd8 31. Rd2 Rxd2 32. Qxd2 Qd8 33. Qxd8+
Kxd8 34. Kf2 c5 35. bxc5 Nxc5 36. h4 Ke7 37. Ne3 c6 38. h5 Nb3 39. Kg3 Nxa5 40.
Kh4 Nb3 41. Kg5 Kf7 42. Kh6 Nd4 43. hxg6+ hxg6 44. c5 a5 45. Nc4 a4 46. Kh7
Nxf3 47. Nd6+ Ke6 48. Nxb7 a3 49. Kxg6 Nh4+ 50. Kg7 a2 51. Nd8+ Ke7 52. Nxc6+
Ke8 0-1

[Event "VI Torneo Internazionale"]
[Site "Montecatini Terme ITA"]
[Date "2001.02.14"]
[Round "3"]
[White "Chatalbashev, Boris"]
[Black "Mrdja, Milan"]
[Result "1/2-1/2"]
[WhiteElo "2509"]
[BlackElo "2450"]
[PlyCount "121"]
[EventDate "2001.02.12"]

1. d4 c5 2. d5 e6 3. Nc3 Nf6 4. e4 d6 5. Bg5 e5 6. Nf3 Be7 7. Be2 O-O 8. O-O
Na6 9. a4 Nc7 10. Ra3 Rb8 11. Qd2 b6 12. h3 Nh5 13. Be3 g6 14. Nb5 Nxb5 15.
axb5 Nf6 16. Bh6 Nxe4 17. Qe3 Nf6 18. Bxf8 Bxf8 19. c4 Rb7 20. Rfa1 Qe7 21. Nd2
h5 22. Ra4 Kh7 23. Qa3 Bh6 24. Nf1 a5 25. bxa6 Ra7 26. b4 Nd7 27. Qb3 e4 28.
R4a3 Bg7 29. Rd1 Bd4 30. b5 f5 31. g3 h4 32. gxh4 Qxh4 33. Qg3 Qf6 34. h4 Ne5
35. Qg5 Qf8 36. h5 Rg7 37. Rh3 gxh5 38. Rxh5+ Kg8 39. a7 Bd7 40. Ng3 Rxg5 41.
Rxg5+ Kf7 42. Rd2 Bxf2+ 43. Kxf2 e3+ 44. Kxe3 Qh6 45. Bh5+ Kf6 46. a8=Q Qxg5+
47. Ke2 Ke7 48. Nxf5+ Qxf5 49. Qh8 Qe4+ 50. Kd1 Qh1+ 51. Kc2 Bf5+ 52. Kb3 Qb1+
53. Rb2 Qd3+ 54. Ka2 Qxc4+ 55. Rb3 Qa4+ 56. Kb2 Nc4+ 57. Kc1 Qxb3 58. Qe8+ Kf6
59. Qf8+ Kg5 60. Qe7+ Kxh5 61. Qg5+ 1/2-1/2

[Event "VI Torneo Internazionale"]
[Site "Montecatini Terme ITA"]
[Date "2001.02.14"]
[Round "3"]
[White "Drei, Andrea"]
[Black "Voiska, Margarita"]
[Result "1-0"]
[WhiteElo "2312"]
[BlackElo "2320"]
[PlyCount "97"]
[EventDate "2001.02.12"]

1. e4 g6 2. d4 Bg7 3. Nc3 c6 4. Bc4 d6 5. Qf3 e6 6. Nge2 b5 7. Bb3 a5 8. a4 b4
9. Nd1 Bb7 10. h4 h6 11. Qg3 Qe7 12. h5 g5 13. f4 f6 14. Ne3 Nd7 15. Qg4 Nf8
16. O-O d5 17. exd5 f5 18. Qg3 cxd5 19. fxg5 hxg5 20. Nxf5 exf5 21. Bxg5 Bf6
22. Rae1 O-O-O 23. Rxf5 Bxg5 24. Rxg5 Nf6 25. Re5 Qd7 26. Nf4 Qg4 27. Qxg4+
Nxg4 28. Rg5 Nf6 29. Rf5 N8h7 30. Re6 Rhf8 31. Ng6 Rf7 32. Ne5 Rff8 33. Ng6 Rf7
34. g4 Kc7 35. Ne5 Rff8 36. Re7+ Kc8 37. Ng6 Rg8 38. g5 Nxg5 39. Rxf6 Rd7 40.
Rxd7 Kxd7 41. Rf5 Ne6 42. Rf7+ Kc6 43. Kf2 Re8 44. Ne5+ Kb6 45. Nd7+ Ka6 46. h6
Bc6 47. Nc5+ Nxc5 48. dxc5 d4 49. Bc4+ 1-0

[Event "VI Torneo Internazionale"]
[Site "Montecatini Terme ITA"]
[Date "2001.02.14"]
[Round "3"]
[White "Genocchio, Daniele"]
[Black "Tomescu, Vlad"]
[Result "0-1"]
[WhiteElo "2278"]
[BlackElo "2427"]
[PlyCount "132"]
[EventDate "2001.02.12"]

1. c4 Nf6 2. Nc3 d5 3. cxd5 Nxd5 4. g3 g6 5. Bg2 Nxc3 6. bxc3 Bg7 7. Rb1 Nd7 8.
h4 Nb6 9. Bb2 Bd7 10. Bxb7 Rb8 11. Bg2 O-O 12. Nf3 Ba4 13. Qc1 Qd5 14. O-O Qxa2
15. Ba3 Rfe8 16. e4 Qc2 17. Re1 e6 18. Bc5 a5 19. Ra1 Ra8 20. d4 Qxc1 21. Rexc1
Bc6 22. Nd2 Nd7 23. Ba3 Reb8 24. Ra2 Nb6 25. Be7 Re8 26. Bg5 f5 27. Be3 Red8
28. Bf4 Ra7 29. Bh3 a4 30. Re1 Bb5 31. Nf3 Bc4 32. Ra3 h6 33. exf5 gxf5 34. Ne5
Bd5 35. Bf1 Bxe5 36. Bxe5 Nc4 37. Bxc4 Bxc4 38. Rb1 Rda8 39. Bf4 h5 40. Rb4 Bb3
41. Kf1 Kf7 42. Ke2 Ke7 43. Kd2 Kd7 44. c4 Ra6 45. Kc3 Rb6 46. Ra1 Rab8 47.
Rxb6 Rxb6 48. Bc1 Rc6 49. c5 Ra6 50. Ba3 Kc6 51. Rg1 Ra8 52. Re1 Rg8 53. Bc1
Re8 54. Re2 Bd5 55. Rb2 Ra8 56. Rb1 a3 57. Ra1 a2 58. Bb2 Rb8 59. Re1 Rb3+ 60.
Kc2 Rf3 61. Re2 Be4+ 62. Kc1 Rb3 63. Re1 Kd5 64. Rd1 Kc4 65. Re1 c6 66. Rd1
Rc3+ 0-1

[Event "VI Torneo Internazionale"]
[Site "Montecatini Terme ITA"]
[Date "2001.02.14"]
[Round "3"]
[White "Lovric, Branko"]
[Black "Naumkin, Igor"]
[Result "1/2-1/2"]
[WhiteElo "2357"]
[BlackElo "2446"]
[PlyCount "83"]
[EventDate "2001.02.12"]

1. b3 e5 2. Bb2 Nc6 3. Nf3 e4 4. Nd4 Nf6 5. e3 d5 6. c4 Nxd4 7. Bxd4 dxc4 8.
Bxc4 Bd6 9. Nc3 Bf5 10. f3 O-O 11. fxe4 Nxe4 12. Nxe4 Bxe4 13. Qg4 Bg6 14. O-O
c5 15. Bc3 b5 16. Bxb5 Bxh2+ 17. Kxh2 Qb8+ 18. Rf4 Qxb5 19. Raf1 f6 20. R1f3
Rae8 21. Ra4 Rf7 22. Ra5 Qb8+ 23. Qf4 Rc7 24. Kg1 Qc8 25. Qc4+ Bf7 26. Qh4 Re6
27. Qg3 Bg6 28. Rf4 a6 29. Raa4 Rcc6 30. Rh4 Qe8 31. Raf4 Rc8 32. a3 Rec6 33.
b4 cxb4 34. axb4 Re6 35. Rc4 Rxc4 36. Rxc4 Rc6 37. Rd4 h6 38. Qf3 Kh7 39. Qg3
Qe6 40. Rg4 Qe8 41. Rh4 Re6 42. Rc4 1/2-1/2

[Event "VI Torneo Internazionale"]
[Site "Montecatini Terme ITA"]
[Date "2001.02.14"]
[Round "3"]
[White "Marino, Olivier"]
[Black "Mukic, Josko"]
[Result "1/2-1/2"]
[WhiteElo "2068"]
[BlackElo "2268"]
[PlyCount "62"]
[EventDate "2001.02.12"]

1. e4 d5 2. exd5 Qxd5 3. Nc3 Qa5 4. d4 c6 5. Bc4 Bf5 6. Bd2 e6 7. d5 cxd5 8.
Nxd5 Qd8 9. Qe2 Nc6 10. c3 Nge7 11. Ne3 Bg6 12. Nh3 Qc7 13. f4 O-O-O 14. b4 h6
15. O-O Nf5 16. Rad1 Be7 17. Nxf5 Bxf5 18. Be3 Rxd1 19. Rxd1 Rd8 20. Rxd8+ Qxd8
21. g4 Bg6 22. Nf2 Bf6 23. Bb5 Qd7 24. Qd2 Qxd2 25. Bxd2 Kc7 26. Kg2 Bb1 27. a3
g5 28. h3 a6 29. Bc4 b5 30. Bb3 a5 31. a4 axb4 1/2-1/2

[Event "VI Torneo Internazionale"]
[Site "Montecatini Terme ITA"]
[Date "2001.02.15"]
[Round "4"]
[White "Acher, Mathieu"]
[Black "Chatalbashev, Boris"]
[Result "0-1"]
[WhiteElo "2264"]
[BlackElo "2509"]
[PlyCount "78"]
[EventDate "2001.02.12"]

1. e4 g6 2. d4 Bg7 3. Nc3 c6 4. Nf3 d6 5. Be3 Nf6 6. Qd2 Bg4 7. Be2 b5 8. h3
Bxf3 9. Bxf3 Nbd7 10. e5 dxe5 11. Bxc6 O-O 12. dxe5 Nxe5 13. Qxd8 Raxd8 14.
Bxb5 Nd5 15. Nxd5 Rxd5 16. a4 f5 17. Ke2 a6 18. Bxa6 f4 19. Bd2 Rd6 20. Bb5 f3+
21. gxf3 Nxf3 22. Be3 Bxb2 23. Ra2 Nd4+ 24. Bxd4 Bxd4 25. Bc4+ Kg7 26. f3 Rf5
27. Bd3 Rg5 28. a5 Rg2+ 29. Ke1 Bc3+ 30. Kf1 Rd2 31. Ra3 Bb4 32. Ra4 Bc3 33. a6
Rb6 34. Be2 Rb1+ 35. Kf2 Rxh1 36. a7 Rh2+ 37. Kg3 Rhxe2 38. a8=Q Rg2+ 39. Kf4
e5+ 0-1

[Event "VI Torneo Internazionale"]
[Site "Montecatini Terme ITA"]
[Date "2001.02.15"]
[Round "4"]
[White "Mrdja, Milan"]
[Black "Drei, Andrea"]
[Result "1/2-1/2"]
[WhiteElo "2450"]
[BlackElo "2312"]
[PlyCount "70"]
[EventDate "2001.02.12"]

1. e4 c5 2. Nf3 Nc6 3. Bb5 g6 4. O-O Bg7 5. Re1 Nf6 6. c3 O-O 7. d4 d5 8. e5
Ne4 9. Bxc6 bxc6 10. Nbd2 Nxd2 11. Nxd2 cxd4 12. cxd4 c5 13. dxc5 Qc7 14. Nf3
Qxc5 15. Be3 Qb5 16. Qd2 Rd8 17. Rac1 d4 18. Bxd4 Bb7 19. Qe3 Bxf3 20. Qxf3
Rac8 21. Rxc8 Rxc8 22. Qe3 Qd5 23. a3 Bh6 24. Qh3 Rc2 25. Bxa7 Qa5 26. Rf1 Qxa7
27. Qxh6 Rxb2 28. e6 fxe6 29. Qh3 Qb6 30. Qh4 Qc5 31. h3 Qxa3 32. Rd1 Rd2 33.
Rxd2 Qc1+ 34. Kh2 Qxd2 35. Qxe7 Qf4+ 1/2-1/2

[Event "VI Torneo Internazionale"]
[Site "Montecatini Terme ITA"]
[Date "2001.02.15"]
[Round "4"]
[White "Sciortino, Massimo"]
[Black "Mukic, Josko"]
[Result "0-1"]
[WhiteElo "2155"]
[BlackElo "2268"]
[PlyCount "55"]
[EventDate "2001.02.12"]

1. e4 d5 2. exd5 Qxd5 3. Nc3 Qa5 4. d4 c6 5. Nf3 Nf6 6. Bc4 Bf5 7. Bd2 e6 8.
Nd5 Qd8 9. Nxf6+ gxf6 10. Bf4 Nd7 11. c3 Nb6 12. Bb3 Bd6 13. Bxd6 Qxd6 14. Qd2
Rg8 15. Nh4 Be4 16. f3 Bd5 17. O-O-O a5 18. Bxd5 cxd5 19. g3 O-O-O 20. Rhe1 Rd7
21. Qh6 f5 22. Ng2 Rc7 23. Re2 Na4 24. Rd3 Kb8 25. Ne3 Qa6 26. Kc2 Nxb2 27.
Rdd2 Rxc3+ 28. Kxb2 0-1

[Event "VI Torneo Internazionale"]
[Site "Montecatini Terme ITA"]
[Date "2001.02.15"]
[Round "4"]
[White "Tomescu, Vlad"]
[Black "Lovric, Branko"]
[Result "1-0"]
[WhiteElo "2427"]
[BlackElo "2357"]
[PlyCount "77"]
[EventDate "2001.02.12"]

1. d4 Nf6 2. c4 e6 3. Nc3 Bb4 4. e3 Bxc3+ 5. bxc3 c5 6. Bd3 d6 7. Ne2 e5 8. e4
Nc6 9. O-O Qe7 10. f4 h6 11. d5 Nb8 12. f5 Nbd7 13. h3 Nh7 14. Be3 Ndf6 15. Qd2
Kd8 16. Kh2 Kc7 17. g4 Bd7 18. Ng3 Rag8 19. Kg2 Ba4 20. Be2 Nd7 21. Rh1 Nb6 22.
h4 f6 23. Rab1 Be8 24. Rb3 Bf7 25. a4 Nd7 26. a5 Ra8 27. Rhb1 Rhb8 28. Qa2 Be8
29. Nh5 Kc8 30. Bd1 Ndf8 31. R3b2 Qc7 32. Ba4 Kd8 33. Kf3 Bxh5 34. gxh5 Qxa5
35. Rxb7 Rxb7 36. Rxb7 Qxc3 37. Bc6 a5 38. Qb1 Rc8 39. Qb6+ 1-0

[Event "VI Torneo Internazionale"]
[Site "Montecatini Terme ITA"]
[Date "2001.02.15"]
[Round "4"]
[White "Voiska, Margarita"]
[Black "Genocchio, Daniele"]
[Result "0-1"]
[WhiteElo "2320"]
[BlackElo "2278"]
[PlyCount "60"]
[EventDate "2001.02.12"]

1. c4 Nc6 2. g3 e5 3. Bg2 f5 4. Nc3 Nf6 5. d3 Bc5 6. e3 O-O 7. Nge2 d6 8. O-O
Qe8 9. Nd5 Nxd5 10. cxd5 Nb8 11. Bd2 a5 12. d4 Bb6 13. dxe5 dxe5 14. Rc1 Rf6
15. Nc3 a4 16. e4 f4 17. gxf4 exf4 18. e5 Qxe5 19. Re1 Bxf2+ 20. Kxf2 Qd4+ 21.
Be3 fxe3+ 22. Kg1 Qh4 23. d6 Rxd6 24. Nd5 Bh3 25. Rxe3 Bxg2 26. Ne7+ Kf8 27.
Qe2 Nc6 28. Nf5 Nd4 29. Nxd4 Qxd4 30. Rxc7 Bc6 0-1

[Event "VI Torneo Internazionale"]
[Site "Montecatini Terme ITA"]
[Date "2001.02.16"]
[Round "5"]
[White "Lovric, Branko"]
[Black "Voiska, Margarita"]
[Result "1/2-1/2"]
[WhiteElo "2357"]
[BlackElo "2320"]
[PlyCount "85"]
[EventDate "2001.02.12"]

1. b3 e5 2. Bb2 d6 3. d4 e4 4. d5 Nf6 5. Qd2 c6 6. dxc6 bxc6 7. c4 Be7 8. Nc3
O-O 9. e3 Nbd7 10. Nge2 Re8 11. Ng3 Bf8 12. Qc2 Qe7 13. Rd1 g6 14. Be2 h5 15.
h3 Bb7 16. Rd4 c5 17. Rd1 h4 18. Nf1 Ne5 19. Nd5 Nxd5 20. cxd5 f5 21. Bb5 Rec8
22. Bxe5 Qxe5 23. Bd7 Rc7 24. Be6+ Kh8 25. Nd2 Ba6 26. Nc4 Bxc4 27. Qxc4 Rb8
28. O-O Be7 29. Rc1 Rcb7 30. Qa4 Qg7 31. Rc4 Bf6 32. Rfc1 Qe7 33. Qa3 Rb4 34.
Rxb4 Rxb4 35. Qa6 Rb6 36. Qe2 Qb7 37. g3 Qa6 38. Rc4 hxg3 39. fxg3 Rb4 40. g4
Rxc4 41. bxc4 fxg4 42. hxg4 Qa3 43. Kg2 1/2-1/2

[Event "VI Torneo Internazionale"]
[Site "Montecatini Terme ITA"]
[Date "2001.02.16"]
[Round "5"]
[White "Marino, Olivier"]
[Black "Tomescu, Vlad"]
[Result "0-1"]
[WhiteElo "2068"]
[BlackElo "2427"]
[PlyCount "106"]
[EventDate "2001.02.12"]

1. e4 c5 2. Nf3 Nc6 3. d4 cxd4 4. Nxd4 Nf6 5. Nc3 d6 6. f3 e6 7. Be3 a6 8. Qd2
Qc7 9. g4 Nd7 10. O-O-O Be7 11. f4 b5 12. Nxc6 Qxc6 13. Qf2 Bb7 14. Bd3 Nc5 15.
Bxc5 Qxc5 16. Qg3 b4 17. Nb1 a5 18. Rhe1 a4 19. Qe3 Qc6 20. Qd4 O-O 21. Qxb4
Rfc8 22. e5 Kf8 23. Qe4 Bh4 24. Re2 Qxe4 25. Bxe4 Ba6 26. Bd3 dxe5 27. Rxe5
Bxd3 28. Rxd3 Rc4 29. Rh5 g5 30. Rf3 Rac8 31. Rc3 Be1 32. Rxc4 Rxc4 33. Nd2
Rxf4 34. Rxg5 Rf2 35. Ne4 Rf1 36. Kd1 Bh4+ 37. Ke2 Re1+ 38. Kd3 Rxe4 39. Kxe4
Bxg5 40. b4 axb3 41. axb3 Bd2 42. Kd3 Be1 43. c3 Ke7 44. c4 Kd6 45. Ke4 h6 46.
Kd4 Bb4 47. Ke4 f6 48. h4 Kc5 49. Kd3 Be1 50. h5 Kb4 51. Kc2 Bh4 52. Kb2 Bg3
53. Kc2 Be5 0-1

[Event "VI Torneo Internazionale"]
[Site "Montecatini Terme ITA"]
[Date "2001.02.16"]
[Round "5"]
[White "Mukic, Josko"]
[Black "Naumkin, Igor"]
[Result "1/2-1/2"]
[WhiteElo "2268"]
[BlackElo "2446"]
[PlyCount "21"]
[EventDate "2001.02.12"]

1. d4 d5 2. c4 e6 3. Nc3 Nf6 4. Bg5 Be7 5. e3 O-O 6. Nf3 h6 7. Bh4 b6 8. Bxf6
Bxf6 9. cxd5 exd5 10. Be2 Bb7 11. O-O 1/2-1/2

[Event "VI Torneo Internazionale"]
[Site "Montecatini Terme ITA"]
[Date "2001.02.17"]
[Round "6"]
[White "Acher, Mathieu"]
[Black "Genocchio, Daniele"]
[Result "0-1"]
[WhiteElo "2264"]
[BlackElo "2278"]
[PlyCount "80"]
[EventDate "2001.02.12"]

1. e4 e5 2. Nf3 d6 3. d4 exd4 4. Nxd4 Nf6 5. Nc3 Be7 6. Be2 O-O 7. Bf4 Re8 8.
O-O a6 9. a4 Bf8 10. Bd3 Nbd7 11. Bg3 c6 12. a5 Nc5 13. Re1 g6 14. h3 Nh5 15.
Bh2 Qf6 16. Nde2 Qh4 17. Qd2 Be6 18. Nd4 Nxd3 19. cxd3 Bd7 20. Na4 Qf6 21. Ne2
Rad8 22. Nb6 Be6 23. g4 Ng7 24. Bf4 Qe7 25. d4 d5 26. exd5 Bxd5 27. Nc3 Ne6 28.
Ncxd5 cxd5 29. Be3 Qh4 30. Kg2 Bg7 31. Rf1 h6 32. Rad1 Rf8 33. f3 Kh7 34. Qd3
Bxd4 35. f4 Bxe3 36. Qxe3 d4 37. Qf3 Qe7 38. Rfe1 Qc7 39. Rf1 f5 40. Rde1 fxg4
0-1

[Event "VI Torneo Internazionale"]
[Site "Montecatini Terme ITA"]
[Date "2001.02.17"]
[Round "6"]
[White "Chatalbashev, Boris"]
[Black "Drei, Andrea"]
[Result "1-0"]
[WhiteElo "2509"]
[BlackElo "2312"]
[PlyCount "71"]
[EventDate "2001.02.12"]

1. d4 Nf6 2. Nf3 e6 3. Bg5 h6 4. Bh4 c5 5. e3 b6 6. Nbd2 Bb7 7. Bd3 cxd4 8.
exd4 Be7 9. O-O d6 10. Re1 O-O 11. c3 Nbd7 12. a4 a6 13. Nc4 Qc7 14. Ne3 Rfe8
15. Bg3 Nh5 16. d5 Nxg3 17. dxe6 fxe6 18. hxg3 Nf8 19. Bc2 Rad8 20. Qd3 Qc5 21.
Rad1 b5 22. axb5 Bxf3 23. gxf3 Qxb5 24. Ra1 Rb8 25. Reb1 Qb7 26. f4 Ra8 27. f5
Qb5 28. fxe6 Qxd3 29. Bxd3 Nxe6 30. Be4 Ra7 31. Bc6 Rc8 32. Bd5 Kf7 33. Re1 Bf8
34. Nf5 Kf6 35. Bxe6 Re8 36. Nd4 1-0

[Event "VI Torneo Internazionale"]
[Site "Montecatini Terme ITA"]
[Date "2001.02.17"]
[Round "6"]
[White "Mrdja, Milan"]
[Black "Lovric, Branko"]
[Result "1-0"]
[WhiteElo "2450"]
[BlackElo "2357"]
[PlyCount "54"]
[EventDate "2001.02.12"]

1. e4 b6 2. d4 Bb7 3. Nc3 e6 4. a3 Nf6 5. e5 Ne4 6. Nxe4 Bxe4 7. Ne2 Bb7 8. Nf4
d6 9. exd6 Qxd6 10. Be3 Nc6 11. Qg4 O-O-O 12. O-O-O h5 13. Qh3 g5 14. Ne2 Qd5
15. Kb1 g4 16. Qh4 Be7 17. Qg3 Bd6 18. Qh4 Ne7 19. Nc3 Qa5 20. Nb5 Nf5 21. Qf6
Nxe3 22. fxe3 Rhf8 23. h3 Bg3 24. hxg4 a6 25. Nc3 h4 26. Ne2 Be5 27. Qe7 Bg7
1-0

[Event "VI Torneo Internazionale"]
[Site "Montecatini Terme ITA"]
[Date "2001.02.17"]
[Round "6"]
[White "Sciortino, Massimo"]
[Black "Naumkin, Igor"]
[Result "1/2-1/2"]
[WhiteElo "2155"]
[BlackElo "2446"]
[PlyCount "25"]
[EventDate "2001.02.12"]

1. e4 e6 2. d4 d5 3. Nd2 Nf6 4. e5 Nfd7 5. Bd3 c5 6. c3 Nc6 7. Ne2 cxd4 8. cxd4
f6 9. exf6 Nxf6 10. O-O Bd6 11. Nf3 Qc7 12. g3 O-O 13. Bf4 1/2-1/2

[Event "VI Torneo Internazionale"]
[Site "Montecatini Terme ITA"]
[Date "2001.02.17"]
[Round "6"]
[White "Tomescu, Vlad"]
[Black "Mukic, Josko"]
[Result "1/2-1/2"]
[WhiteElo "2427"]
[BlackElo "2268"]
[PlyCount "37"]
[EventDate "2001.02.12"]

1. e4 d5 2. exd5 Qxd5 3. Nc3 Qa5 4. d4 c6 5. Bc4 Bf5 6. Bd2 Nf6 7. Nf3 e6 8.
O-O Qd8 9. Bg5 Be7 10. Qe2 Nbd7 11. Rad1 h6 12. Bh4 O-O 13. Ne5 Nd5 14. Nxd5
Bxh4 15. Ne3 Bh7 16. Bd3 Bxd3 17. Rxd3 Be7 18. Rfd1 Qc7 19. N3g4 1/2-1/2

[Event "VI Torneo Internazionale"]
[Site "Montecatini Terme ITA"]
[Date "2001.02.17"]
[Round "6"]
[White "Voiska, Margarita"]
[Black "Marino, Olivier"]
[Result "1-0"]
[WhiteElo "2320"]
[BlackElo "2068"]
[PlyCount "123"]
[EventDate "2001.02.12"]

1. Nf3 Nf6 2. g3 g6 3. Bg2 Bg7 4. O-O O-O 5. c4 d6 6. Nc3 Nc6 7. d3 h6 8. Rb1
e5 9. b4 a6 10. a4 Ne7 11. b5 axb5 12. axb5 Nd7 13. e3 f5 14. Nd5 g5 15. Bb2
Nf6 16. Nxf6+ Bxf6 17. c5 Kh7 18. Qc2 f4 19. d4+ Ng6 20. cxd6 cxd6 21. dxe5
Bxe5 22. Nxe5 dxe5 23. Be4 Qe8 24. exf4 gxf4 25. Rfe1 fxg3 26. hxg3 Ra2 27.
Qc7+ Rf7 28. Qc4 Be6 29. Bd5 Bxd5 30. Qxd5 Ra8 31. Bxe5 Rd8 32. Qe4 Qxe5 33.
Qxe5 Nxe5 34. Rxe5 Rd2 35. Rf1 Kg6 36. f4 Rf5 37. Re6+ Rf6 38. Re5 Rf5 39. Re6+
Rf6 40. Rfe1 Rd5 41. R1e5 Rd2 42. Re7 b6 43. R7e6 Rb2 44. Rxf6+ Kxf6 45. Rh5
Kg6 46. Rd5 Kg7 47. Rd7+ Kg8 48. Rd6 Rxb5 49. Rxh6 Kg7 50. Rc6 Rb2 51. f5 b5
52. g4 Kf7 53. g5 Rb4 54. Rc7+ Kg8 55. Rc8+ Kf7 56. Kh2 Rg4 57. Rc7+ Kg8 58. g6
Rg5 59. Rc5 b4 60. Kh3 Kg7 61. f6+ Kxf6 62. Rxg5 1-0

[Event "VI Torneo Internazionale"]
[Site "Montecatini Terme ITA"]
[Date "2001.02.18"]
[Round "7"]
[White "Drei, Andrea"]
[Black "Sciortino, Massimo"]
[Result "1-0"]
[WhiteElo "2312"]
[BlackElo "2155"]
[PlyCount "69"]
[EventDate "2001.02.12"]

1. Nf3 f5 2. g3 Nf6 3. Bg2 d6 4. d3 e5 5. c4 Be7 6. Nc3 O-O 7. O-O Kh8 8. b3
Qe8 9. d4 e4 10. Ng5 h6 11. Nh3 g5 12. f3 exf3 13. exf3 Nc6 14. Re1 f4 15. gxf4
Qh5 16. Nf2 gxf4 17. Bxf4 Nh7 18. Nd5 Bd8 19. Bg3 Bf5 20. Ne4 Ne7 21. Nf4 Qf7
22. Qd2 Ng6 23. Nxg6+ Qxg6 24. Kh1 h5 25. Bf4 Bh4 26. Rg1 Rae8 27. Bh6 Rf7 28.
Bh3 Qe6 29. d5 Qe5 30. Bf4 Qe7 31. Bxf5 Rxf5 32. Bh6 Rf7 33. Ng5 Bxg5 34. Bxg5
Qe5 35. Rae1 1-0

[Event "VI Torneo Internazionale"]
[Site "Montecatini Terme ITA"]
[Date "2001.02.18"]
[Round "7"]
[White "Genocchio, Daniele"]
[Black "Chatalbashev, Boris"]
[Result "0-1"]
[WhiteElo "2278"]
[BlackElo "2509"]
[PlyCount "80"]
[EventDate "2001.02.12"]

1. d4 d5 2. Nf3 Bf5 3. c4 e6 4. Nc3 Nf6 5. Qb3 Nc6 6. a3 Na5 7. Qa4+ c6 8. c5
b5 9. Nxb5 cxb5 10. Qxb5+ Nd7 11. c6 Nxc6 12. Qxc6 Rc8 13. Qa6 Be7 14. e3 O-O
15. Be2 Rc2 16. Bd1 Rc4 17. Be2 Rc2 18. Bd1 Rc4 19. Nd2 Nb8 20. Qxa7 Rc7 21.
Qa4 Qc8 22. Nb3 Bd3 23. Qa5 Bc4 24. Qd2 Nc6 25. f4 f6 26. Kf2 e5 27. Re1 Bd6
28. Qc2 exf4 29. exf4 Rb7 30. Qc3 Nb4 31. Re3 Qf5 32. Rf3 Nd3+ 33. Kg1 Re8 34.
Bc2 Rxb3 35. Bxb3 Re1+ 36. Rf1 Rxf1+ 37. Kxf1 Bxf4 38. Bxc4 Bxc1+ 39. Ke2 Qg4+
40. Kxd3 Qe4# 0-1

[Event "VI Torneo Internazionale"]
[Site "Montecatini Terme ITA"]
[Date "2001.02.18"]
[Round "7"]
[White "Lovric, Branko"]
[Black "Acher, Mathieu"]
[Result "1-0"]
[WhiteElo "2357"]
[BlackElo "2264"]
[PlyCount "73"]
[EventDate "2001.02.12"]

1. b3 Nf6 2. Bb2 g6 3. e4 d6 4. g3 Bg7 5. Bg2 e5 6. Ne2 Nbd7 7. O-O Nc5 8. f3
O-O 9. d4 exd4 10. Bxd4 Ne6 11. Bb2 a5 12. c4 c6 13. Nbc3 a4 14. Kh1 a3 15. Bc1
b5 16. cxb5 cxb5 17. b4 Qb6 18. Qd3 Bd7 19. Be3 Qb8 20. Rfd1 Ra6 21. Rac1 Rd8
22. Nf4 Nc7 23. h4 h6 24. g4 Re8 25. g5 hxg5 26. hxg5 Nh7 27. Bh3 Bxh3 28. Nxh3
Nf8 29. Nf2 Nd7 30. f4 Qb7 31. Nd5 Nxd5 32. Qxd5 Rb8 33. Qxb7 Rxb7 34. Rc8+ Nf8
35. Ng4 Re7 36. e5 dxe5 37. Bc5 1-0

[Event "VI Torneo Internazionale"]
[Site "Montecatini Terme ITA"]
[Date "2001.02.18"]
[Round "7"]
[White "Marino, Olivier"]
[Black "Mrdja, Milan"]
[Result "0-1"]
[WhiteElo "2068"]
[BlackElo "2450"]
[PlyCount "62"]
[EventDate "2001.02.12"]

1. e4 c5 2. Nf3 e6 3. d4 cxd4 4. Nxd4 a6 5. Be3 Nf6 6. Nc3 Bb4 7. Bd3 Qc7 8.
Nde2 Ng4 9. Bf4 Bxc3+ 10. bxc3 e5 11. Bg5 h6 12. Bd2 d6 13. O-O Be6 14. h3 Nf6
15. f4 Nbd7 16. Kh1 Nc5 17. Ng3 O-O-O 18. f5 Bd7 19. c4 Bc6 20. Qe2 Qe7 21. Qe3
h5 22. Bb4 h4 23. Bxc5 dxc5 24. Ne2 Nh5 25. Rfb1 g6 26. Nc3 Ng3+ 27. Kg1 gxf5
28. exf5 e4 29. Re1 Rhe8 30. Qf4 Qf6 31. Nd5 Bxd5 0-1

[Event "VI Torneo Internazionale"]
[Site "Montecatini Terme ITA"]
[Date "2001.02.18"]
[Round "7"]
[White "Mukic, Josko"]
[Black "Voiska, Margarita"]
[Result "1-0"]
[WhiteElo "2268"]
[BlackElo "2320"]
[PlyCount "63"]
[EventDate "2001.02.12"]

1. d4 c5 2. d5 e6 3. c4 exd5 4. cxd5 d6 5. Nc3 Ne7 6. e4 Ng6 7. f4 Be7 8. Bb5+
Nd7 9. Nf3 O-O 10. a4 Bf6 11. O-O Re8 12. Re1 a6 13. Bf1 Ndf8 14. h3 b6 15. g4
h6 16. Bd2 Ra7 17. Qc2 Nh4 18. Nxh4 Bxh4 19. Re2 Ng6 20. Bg2 Bf6 21. Rf1 Rae7
22. Bc1 b5 23. e5 dxe5 24. g5 exf4 25. gxf6 Rxe2 26. Nxe2 Bf5 27. Qxf5 Rxe2 28.
Qg4 Rc2 29. Be4 Rc4 30. Bxg6 fxg6 31. Qe6+ Kh7 32. Qe7 1-0

[Event "VI Torneo Internazionale"]
[Site "Montecatini Terme ITA"]
[Date "2001.02.19"]
[Round "8"]
[White "Chatalbashev, Boris"]
[Black "Lovric, Branko"]
[Result "0-1"]
[WhiteElo "2509"]
[BlackElo "2357"]
[PlyCount "76"]
[EventDate "2001.02.12"]

1. d4 b6 2. Bg5 Bb7 3. Nd2 g6 4. e4 Bg7 5. Ngf3 d6 6. Bd3 Nd7 7. O-O f6 8. Bh4
e5 9. c4 c5 10. b4 exd4 11. bxc5 bxc5 12. Rb1 Bc6 13. Bg3 Qc7 14. Nh4 Nh6 15.
f4 O-O 16. Nhf3 Rae8 17. Re1 Nb6 18. f5 g5 19. Nxd4 cxd4 20. c5 Na4 21. Bxd6
Qd7 22. Bc4+ Kh8 23. Be6 Rxe6 24. fxe6 Qxe6 25. Bxf8 Bxf8 26. Rb8 Kg7 27. Nb3
Qe5 28. Rc8 Nc3 29. Qh5 d3 30. Rxc6 d2 31. Nxd2 Qd4+ 32. Kh1 Qxd2 33. Rf1 Nxe4
34. Rc7+ Kg8 35. Qf3 Ng4 36. Qf5 Nef2+ 37. Kg1 Nh3+ 38. gxh3 Qxh2# 0-1

[Event "VI Torneo Internazionale"]
[Site "Montecatini Terme ITA"]
[Date "2001.02.19"]
[Round "8"]
[White "Drei, Andrea"]
[Black "Genocchio, Daniele"]
[Result "1-0"]
[WhiteElo "2312"]
[BlackElo "2278"]
[PlyCount "49"]
[EventDate "2001.02.12"]

1. e4 c5 2. Nc3 Nc6 3. f4 g6 4. Nf3 Bg7 5. Bb5 Qb6 6. Bxc6 Qxc6 7. d4 d6 8. O-O
Bg4 9. d5 Qb6 10. h3 Bxf3 11. Qxf3 h5 12. e5 O-O-O 13. exd6 Qxd6 14. f5 Bd4+
15. Kh1 Bxc3 16. Qxc3 Nf6 17. Bf4 Qxd5 18. Rad1 Qxf5 19. Qa5 Rd7 20. Rxd7 Qxd7
21. Qxa7 Kd8 22. Qb8+ Qc8 23. Rd1+ Nd7 24. Bc7+ Ke8 25. Qxc8# 1-0